| 000 | 01200nam a2200253Ia 4500 | ||
|---|---|---|---|
| 003 | Ost | ||
| 005 | 20260507075408.0 | ||
| 008 | 260507s9999||||xx |||||||||||||| ||und|| | ||
| 020 | _a2049410977 | ||
| 040 | _cfsecg | ||
| 041 | _aara | ||
| 082 | _a300 | ||
| 100 |
_aالعجمي، محمد حسين _eمؤلف |
||
| 245 | 0 |
_aالتطور الأكاديمي والإعداد للمهنة الأكاديمية بين تحديات العولمة ومتطلبات التدويل / _c محمد حسين العجمي |
|
| 260 |
_aالإسكندرية: _bالمكتبة العصرية, _c2007 |
||
| 300 |
_a216 صفحة؛ _bإيضاحات ؛ _c24 سم |
||
| 504 | _aالمراجع ص.146 | ||
| 520 | _aيضم المهنة الأكاديمية وعضو هيئة التدريس، تحديات العولمة ومتطلبات تدويل التعليم الجامعي، اتجاهات التطور الأكاديمي للجامعة، المهنة الأكاديمية بالجامعات المصرية منظور تطبيقي | ||
| 653 | _aالأكاديميات | ||
| 653 | _aالتعليم العالي | ||
| 653 | _aالجامعات والكليات | ||
| 653 | _aالمهن | ||
| 942 | _cكتاب | ||
| 999 |
_c44351 _d44351 |
||